Mixed Word: Dog Breeds III Quiz Stats

Quiz Updated Feb 28, 2018

Challenge
Share
Tweet
Embed
Score 0/10 Timer 03:00
0 Plays Today
Jumble Answer % Correct
KJCA SURLSEL RIETRERJack Russell Terrier
93.8%
AMREGN HREPSEDHGerman Shepherd
89.8%
TEROTIRLWERottweiler
73.9%
RLAIANSTUA TLETCA OGDAustralian Cattle Dog
66.4%
EGIKNEPSEPekingese
60.7%
LAPILPONPapillon
57.9%
PIHTEPWWhippet
55.4%
REPISGNR ELPASINSpringer Spaniel
54.8%
REMAIWARENWeimaraner
28.9%
UMITNEARI NCESPIRHMiniature Pinscher
14%

You're not logged in!

Compare scores with friends on all Sporcle quizzes.
Join for Free
OR
Log In

You Might Also Like...

Show Comments

Extras

Top Quizzes Today


Score Distribution

Your Account Isn't Verified!

In order to create a playlist on Sporcle, you need to verify the email address you used during registration. Go to your Sporcle Settings to finish the process.

Report this User

Report this user for behavior that violates our Community Guidelines.

Details: